MDQL
is popping MORE tags! Check the
thread
!
Quizzes
Events
Quiz Creation
Community
Videos
Private Events
Remove Ads
Sign In
Join for FREE
Feedback
Dark Mode
Quiz Categories
Sports
Geography
Music
Movies
Television
Just For Fun
Miscellaneous
History
Literature
Language
Science
Gaming
Entertainment
Religion
Holiday
For Kids
Quiz Lab
Recent
Popular Today
Quiz Kudos Today
Editor Picks
Curator Picks
Quizzes by...
Day
Popularity
Type
Ratings
Length
Year
Community
Subscriptions
Recent Discussions
Orange Saloon
Badges
Playlists
Quests
Create
Leaderboards
Showdown
Live 5
Trivia Bingo
Activity
Puzzle Library
Sporcle Events
Private Events
Virtual Trivia
Globe League
Become a Host
Pub Owners
SporcleCon
Opinionation
Our Games
Videos
Blog
Mobile Apps
Partnerships
Remove Ads and Go Orange
Feedback
Television
TV Characters
TV Show
Sitcom
Network
Friends
Reality Shows
Cast
South Park
Star Trek
The Simpsons
Doctor Who
Television
TV Characters
TV Show
Sitcom
Network
Friends
Reality Shows
Cast
South Park
Star Trek
The Simpsons
Doctor Who
Random Quiz
Search Sporcle
×
Quiz Lab
Quiz Lab
Television
Emperor
Type in answers that appear in a list
Type in answers that appear in a list
Classic
Best Score? Go Orange.
The Emperor's New School running gags Stats
Can you name the Emperor's New School running gags?
By
Person9817
4m
35 Questions
79 Plays
79 Plays
79 Plays
Comments
Comments
Give Quiz Kudos
Give Quiz Kudos
-
- Ratings
hide this ad
Random Order
Randomize order of answers
Randomize order of answers
Replay
Link that replays current quiz
Next Quiz
Link to next quiz in quiz playlist
You Got
0%
They Got
Avg Score
32%
Avg Friend Score
Upgrade to see
Score Distribution
Jump to the score distribution portion of the page
Score
0/35
Timer
04:00
0
Plays Today
Hint
Running gag
% Correct
Yzma's alter ego
Principal Amzy
72.2%
The first syllabe of nearly everything in the village
Kuz-
68.4%
Taboo animal
Llama
64.6%
Best transportation to the secret lab
Roller coaster
53.2%
Instruction #1 to access the secret lab
Pull the lever, Kronk!
51.9%
Kronk and Yzma's indispensable move after every roller coaster ride
High-five
46.8%
Kuzco's way to explain what happens next
Kuzco's Doodles
45.6%
What Kuzco is usually turned into
An animal
45.6%
A crucial opening moment, according to Kuzco
Theme music!
39.2%
Kuzco's rival
Ramon
39.2%
A valued second language (Kuzco had trouble mastering it)
Squirrel
38%
Kronk's obsession
Spinach puffs
35.4%
Music popstar
Dirk Brock
34.2%
Guaca's worship quote
Kuzco rules!
34.2%
A fatal flaw in the access to the secret lab
Wrong lever!
32.9%
Mr. Purutu's obsession
Wind chimes
32.9%
Malina's definition
Hottie, hot, hottie
32.9%
Kronk's so-
called advisers
Good angel, bad angel
32.9%
Hint
Running gag
% Correct
Kronk's favorite superhero
Pajama Llama
32.9%
Classical egocentric phrase said by Kuzco
It's all about me!
30.4%
The village's most popular meeting point
Mudka's Meat Hut
29.1%
Kronk's boy scout troop
The Junior Chipmunks
29.1%
Bragging words constantly proclaimed by Yzma
It's brilliant, brilliant, brilliant!
26.6%
Yzma and Kronk's usual backup plan
Use a potion
25.3%
Yzma's nickname
Dinosaur
24.1%
Kronk's reaction to confusion
Riiight...
21.5%
Death glare
The Malina Stare
20.3%
Object used to interfere in footage
A red marker
19%
Popular sport
Inca-ball
19%
Kuzco often halts the show for some _
_
_
_
_
.
Audio commentary
16.5%
Inconvenient food chain example
A monkey eating a bug
15.2%
Malina's common phrase to solve misunderstandings
This is NOT a date!
12.7%
Kronk's mascot
Herbie, the Rope Ball
11.4%
Chaca and Tipo's common argument
Ya a./A ha.
10.1%
Kuzco's problem when listening to what someone else's saying
Attention deficit
8.9%
Quiz Playlist
Details
Report
Send in Message
Add To Playlist
Classic:
Type in answers that appear in a list
Random Order:
Randomize order of answers
Last Updated: Feb 16, 2017
Quiz Scoreboard
CHALLENGE
Sign Up to Join the Scoreboard
Show All
Scores
Hide
Comments
May contain spoilers
Recently Published
Image Sorting: Flags VI
by Barbecue
Geography
2m
Find the 'City' Movie
by crazypaving
Movies
60s
Colored Red Africa Blitz
by spor1
Geography
45s
More to Explore
Quiz From the Vault
Featured Blog Post
14 Easter Pick-up Lines to Find Eggs With
hide this ad
You Might Also Like...
Tags
Emperor
gag
Running
school
Today's Top Quizzes in Television
Browse Television
hide this ad
Today's Top Quizzes in Emperor
Browse Emperor
Top Contributed Quizzes in Television
1
Survivor Journey Challenge
2
Brooklyn Nine Nine Logic Puzzle (How-To-Play)
3
Total Drama Characters
4
Adjectives in 00s TV Shows
5
Phoebe Buffay Quotes
6
Survivor Heroes vs. Villains Logic Puzzle
7
Survivor Trivia
8
Emmerdale Characters (from August 2012)
9
Game of Thrones: Tywin Lannister Start to Finish
10
Survivor Logic Puzzle: Heroes vs. Villains
Explore More
Trending Topics
Anime
Disney
Crossword
NBA
Kpop
Harry Potter
Marvel
WWE
Country
Puzzle
The Office
Pokémon
NFL
Song
Soccer
hide this ad
More By:
Person9817
Quiz
Plays
Rating
Category
Featured
Created
The Emperor's New School running gags
79
5.00
Television
Aug 15, 2011
Go to Creator's Profile
Score Distribution
Quiz Creator Spotlight
Person9817
Follow
Send a Message
Quizzes Created
-
Created Quiz Play Count
-
More By This Creator
Popular Quizzes Today
1
Colored Red Africa Blitz
2
Find the US States - No Outlines Minefield
3
Find the 'City' Movie
4
5x2 Blitz: Bands
5
The Countries of the World
6
Find the US States
7
Find the Countries of Europe - No Outlines Minefield
8
US States
More Television Quizzes
Riverdale Murderers
Quiz Lab
Trending Quizzes
Colored Red Europe Blitz I
Colored Red Europe Blitz II
Colored Red Africa Blitz II
Colored Red Europe Blitz III
Colored Red Africa Blitz III
Recently Updated
How Do You Spell That?
pecheneg
Godzilla Movies
pecheneg
Grab Bag: 4-10 Letters
pecheneg
2024 March Madness Bracket
pecheneg
Famous TV Couples
Peacemaker
Champions League XIs: Real Madrid
pecheneg
Largest US Cities 1790-2010
pecheneg
Rides in Walt Disney World
pecheneg
Most Oscar Losses (Acting)
pecheneg
Beyoncé Albums
pecheneg
Trending Topics
Disney
Crossword
Harry Potter
Marvel
Kpop
NBA
Anime
The Office
WWE
NFL
Song
Puzzle
Country
Pokémon
Soccer
Your Account Isn't Verified!
In order to create a playlist on Sporcle, you need to verify the email address you used during registration. Go to your
Sporcle Settings
to finish the process.
Report this User
Report this user for behavior that violates our
Community Guidelines
.
Details:
Send Report
Go to the Sporcle.com Mobile Site →
Comments